000 01112nam a22003257a 4500
003 DO-SdBPM
005 20251125121605.0
007 ta
008 171123b 1996 mx a| |||| 00| 0 spa d
020 _a9688805858
040 _aDO-SdBPM
_bspa
_cBPMSU
_erda
082 4 _a658.3
_bD475a 1996
_222
100 1 _aDessler, Gary
_d1942-
_eautor
_4aut.
245 1 _aAdministración de personal /
_cGary Dessler ; traducción Esther Fernández Alvarado
250 _a6a ed.
260 _c
264 _aMéxico :
_bPrentice Hall,
_c1996
300 _axxvii, 715 páginas :
_bilustraciones ;
_c27 cm.
336 _atexto
_btxt
_2rdacontent
337 _asin mediación
_bn
_2rdamedia
338 _avolumen
_bnc
_2rdacarrier
500 _aIncluye referencias bibliográficas y notas al pie de las páginas
590 _aInventariado, 2025/VM
650 7 _a Administración de personal
650 7 _aSelección de personal.
650 7 _aPlanificación de recursos humanos.
700 1 _aFernández Alvarado, Esther,
_etraductor
910 _aBTAVAREZ/ VMateo V. Control de calidadl. BPMSU
942 _2ddc
_cBK
999 _c13059
_d13059